000 00493nam a2200193Ia 4500
005 20140407093928.0
008 140130s9999 xx 000 0 und d
020 _a0439131960
050 _aTL 789.85.J46
_b.J45 2003
100 _aJemison, Mae
_931246
245 _cMae Jemison.
_aFind where the wind goes /
260 _bScholastic,
_c2003.
_aUSA :
300 _a196 p. :
_bill. ;
_c20 cm.
440 _v1
_931174
521 _aG8
526 _c960
942 _cBK
_2lcc
999 _c41306
_d41306